000 00500cam a2200193ua 4500
020 _c2.00
041 _aeng
_h
082 _a823.301
_bSAR/MO
100 _aSarad Prasad, Saksena .
245 _aModern stories from east and west /
_cSarad Prasad Saksena.
_hTextual Documents
250 _a1 /
_b.
260 _aLondon :
_bOxford University Press ,
_c1968.
300 _a124 ; .
365 _a2.00
504 _a
700 1 _aManmohan, Saksena .
942 _cBK
999 _c6540
_d6540